Maharashtra Trivia - Statistics

General Stats
  • This quiz has been taken 153 times
  • The average score is 13 of 15
Answer Stats
Hint Answer % Correct
Capital city and also the biggest city Mumbai
99%
Indian film Industry Bollywood
96%
Previous name of the above Bombay
96%
State language Marathi
96%
Billionaire business magnate and the 5th richest man in the world Mukesh Ambani
93%
Bordering sea {Arabian} Sea
90%
Most famous emperor of the above Empire Chhatrapati Shivaji Maharaj
87%
Most celebrated and worshipped hindu god Ganesha
85%
UNESCO World Heritage sites {Ajanta} Caves
84%
Biggest Empire centering the state Maratha
84%
Winter Capital Nagpur
84%
{Ellora} Caves
81%
conglomerate owned by the above person Reliance Industries
80%
Région covering almost the entire coast of Maharashtra Konkan
70%
One of the World's densest Island {Salsette} Island
29%
No matching quizzes found
Score Distribution
Percent of People with Each Score
Percentile by Number Answered
Your Score History
You have not taken this quiz